BIBLIOTECA “JULIO CORTÁZAR”
ESCUELA AGROTÉCNICA “LIBERTADOR GENERAL SAN MARTÍN” - UNR – CASILDA

Logo Escuela Logo UNR

Economía agraria / (Record no. 2096)

MARC details
000 -LEADER
campo de control de longitud fija 01110nam#a22003615a#4500
001 - NÚMERO DE CONTROL
campo de control 2096
080 ## - NÚMERO DE LA CLASIFICACIÓN DECIMAL UNIVERSAL
Número de la Clasificación Decimal Universal 338.43.01
084 ## - OTRO NÚMERO DE CLASIFICACIÓN
Número de clasificación M26 S21 J87
040 ## - FUENTE DE CATALOGACIÓN
Centro catalogador/agencia de origen AR-ClEAG
Centro/agencia transcriptor AR-ClEAG
008 - DATOS DE LONGITUD FIJA--INFORMACIÓN GENERAL
campo de control de longitud fija 130520s1956####sp#f###f#e####001#0#spa#d
005 - FECHA Y HORA DE LA ÚLTIMA TRANSACCIÓN
campo de control 20241107184733.0
003 - IDENTIFICADOR DE NÚMERO DE CONTROL
campo de control AR-ClEAG
100 1# - ENTRADA PRINCIPAL--NOMBRE DE PERSONA
Nombre de persona Martín-Sánchez Juliá, Fernando.
245 10 - MENCIÓN DEL TÍTULO
Título Economía agraria /
Mención de responsabilidad, etc. Fernando Martín-Sánchez Juliá y Manuel María de Zulueta y Enríquez.
250 ## - MENCION DE EDICION
Mención de edición 1ª ed.
260 ## - PUBLICACIÓN, DISTRIBUCIÓN, ETC.
Lugar de publicación, distribución, etc. Barcelona :
Nombre del editor, distribuidor, etc. Salvat,
Fecha de publicación, distribución, etc. 1956.
300 ## - DESCRIPCIÓN FÍSICA
Extensión 443 p. :
Otras características físicas fot. byn., il. byn. ;
Dimensiones 22 cm.
490 0# - MENCIÓN DE SERIE
Mención de serie Colección Agrícola Salvat
500 ## - NOTA GENERAL
Nota general Incluye bibliografía consultada.
653 ## - TÉRMINO DE INDIZACIÓN--NO CONTROLADO
Término no controlado Agricultura
653 ## - TÉRMINO DE INDIZACIÓN--NO CONTROLADO
Término no controlado Economía agraria
653 ## - TÉRMINO DE INDIZACIÓN--NO CONTROLADO
Término no controlado Producción agrícola
653 ## - TÉRMINO DE INDIZACIÓN--NO CONTROLADO
Término no controlado Empresas agrícolas
653 ## - TÉRMINO DE INDIZACIÓN--NO CONTROLADO
Término no controlado Edificios agrícolas
653 ## - TÉRMINO DE INDIZACIÓN--NO CONTROLADO
Término no controlado Explotación agrícola
653 ## - TÉRMINO DE INDIZACIÓN--NO CONTROLADO
Término no controlado Sistemas de cultivo
653 ## - TÉRMINO DE INDIZACIÓN--NO CONTROLADO
Término no controlado Economía agrícola nacional
653 ## - TÉRMINO DE INDIZACIÓN--NO CONTROLADO
Término no controlado Escuelas rurales
653 ## - TÉRMINO DE INDIZACIÓN--NO CONTROLADO
Término no controlado Reforma agraria
653 ## - TÉRMINO DE INDIZACIÓN--NO CONTROLADO
Término no controlado Productos agrícolas
700 1# - ENTRADA AGREGADA--NOMBRE PERSONAL
Nombre de persona De Zulueta y Enríquez, Manuel María.
942 ## - ELEMENTOS DE ENTRADA SECUNDARIOS (KOHA)
Tipo de ítem Koha Libros
980 ## - EQUIVALENCIA O REFERENCIA-CRUZADA-MENCIÓN DE SERIE--NOMBRE DE PERSONA/TÍTULO [LOCAL, CANADÁ]
Enlace 2
Nombre de persona Evangelina Gallicchio
Enlace entre campo y número de secuencia 2
Información miscelánea Evangelina Gallicchio
Holdings
Estatus retirado Estado de pérdida Fuente del sistema de clasificación o colocación Estado de daño No para préstamo Biblioteca de origen Biblioteca actual Ubicación en estantería Fecha de adquisición Número de inventario Total de préstamos Signatura topográfica completa Código de barras Visto por última vez Precio de reemplazo Tipo de ítem Koha
    Clasificación decimal universal     Julio Cortázar Julio Cortázar   07/11/2024 1190   R8 338.43.01 M26 S21 J87 Ej.1 1190 07/11/2024 07/11/2024 Libros

Contacto

Biblioteca Julio Cortázar. Escuela Agrotécnica "Libertador San Martín". Universidad Nacional de Rosario
Dirección: Ov. Lagos 1000 - 2170 Casilda - Santa Fe - Argentina
Tel: (54) (03464) 422226.
Fax: (54) (03464) 427789.
E-Mail: biblio-eac@unr.edu.ar